Problematika zvariteľnosti vysokopevných konštrukčných ocelí S690QL a S960QL produktívnymi metódami tavného zvárania

Gespeichert in:
Bibliographische Detailangaben
1. Verfasser: Božik, Stanislav, 1981- (Verfasst von)
Weitere Verfasser: Žúbor, Peter, 1974- (Betreuung Doktorarbeit)
Format: Manuskript Buch
Sprache:Slowakisch
Veröffentlicht: STU v Bratislave MTF UVTE KZv, 2010
Schlagworte:
Online-Zugang:VAIS
Tags: Tag hinzufügen
Keine Tags, Fügen Sie das erste Tag hinzu!

MARC

LEADER 00000ntm a22000003a 4500
001 stu206221
005 20160719160203.5
008 100702s2010------------------------slo-d
040 |a STU  |b slo 
041 0 |a slo 
100 1 |a Božik, Stanislav,  |d 1981-  |4 aut  |X 33701  |7 A000033701 
242 0 0 |a Problem of weldability high strenght structural steels S690QL and S960QL by productive methods of fusion welding   |y eng 
245 1 |a Problematika zvariteľnosti vysokopevných konštrukčných ocelí S690QL a S960QL produktívnymi metódami tavného zvárania 
260 |b STU v Bratislave MTF UVTE KZv,  |c 2010 
650 7 |a zvarové spoje  |2 stusub 
650 7 |a zvariteľnosť  |2 stusub 
700 1 |a Žúbor, Peter,  |d 1974-  |4 ths  |u M130  |U MTF Materiálovotechnologická fakulta  |T MTF Katedra materiálového inžinierstva  |X 2762  |U M130  |Y 481  |7 A000002762 
856 4 |a info a plný text  |u http://is.stuba.sk/zp/portal_zp.pl?podrobnosti=75443  |3 VAIS 
996 |c M*DP-9678  |l MMSKP  |s P  |a 0  |w stu206221_0001